000
00282nam a2200121Ia 4500
005
20251222141908.0
008
251222s9999||||xx |||||||||||||| ||spa||
082
_a
511/S11
100
_a
Saal Riqueros, César
245
0
_a
Complemento Matemático:
264
_b
Gómez
942
_c
LIB
999
_c
8277
_d
8277